Personnage Historique #1 - Statistiques

Statistiques générales
  • Ce quiz a été pris 166 fois
  • Le résultat moyen est 7 sur 16
Statistiques - réponses
Par images Réponse % Correct
Abraham Lincoln
100%
Michael Jackson
97%
Napoléon Bonaparte
97%
Moïse
64%
Alexandre le Grand
63%
Kobe Bryant
63%
Isaac Newton
62%
Thomas Sankara
39%
Stanley Kubrick
31%
Richard Cœur de Lion
27%
Sun Tzu
21%
Frédéric Chopin
15%
Fiodor Dostoïevski
12%
Marco Polo
12%
Saladin
5%
Oda Nobunaga
2%
Aucun quiz correspondant
Distribution des résultats
% des personnes avec chaque résultat
Percentile par nombre de réponses
Votre historique - résultats
Vous n’avez pas pris ce quiz